LEADER 00907nam0 2200289 450 001 000024078 005 20081219125727.0 100 $a20081219d1953----km-y0itaa50------ba 101 0 $afre 102 $aFR 200 1 $a<> jeune parque$fPaul Valéry$gcommentée par Alain 205 $a7. ed. 210 $aParis$cGallimard$dc1953 215 $a135 p.$d19 cm 225 2 $aNrf 410 1$12001$aNrf 676 $a841.91$v(21. ed.)$9Poesia francese. 1900-1999 700 1$aValéry,$bPaul$0757467 702 1$aAlain 801 0$aIT$bUniversità della Basilicata - B.I.A.$gRICA$2unimarc 912 $a000024078 996 $aJeune parque$91528206 997 $aUNIBAS BAS $aLETTERE CAT $aEXT10$b01$c20081219$lBAS01$h1257 FMT Z30 -1$lBAS01$LBAS01$mBOOK$1BASA1$APolo Storico-Umanistico$2FMAS$BFondo Masini$3FMas/817/813$6817/813$5B817/813$820081219$f04$FPrestabile Didattica